Normal view MARC view
  • Military readiness

Entry Topical Term

Number of records used in: 3

001 - CONTROL NUMBER

  • control field: 48717

003 - CONTROL NUMBER IDENTIFIER

  • control field: NUST

005 - DATE AND TIME OF LATEST TRANSACTION

  • control field: 20210314134121.0

008 - FIXED-LENGTH DATA ELEMENTS

  • fixed length control field: 210314|| aca||aabn | a|a d

040 ## - CATALOGING SOURCE

  • Original cataloging agency: NUST
  • Transcribing agency: NUST

150 ## - HEADING--TOPICAL TERM

  • Topical term or geographic name entry element: Military readiness

670 ## - SOURCE DATA FOUND

  • Source citation: Work cat.: (NUST): Knorr, Klaus, 47046, The war potential of nations /, 1979, c1956.
© 2023 Central Library, National University of Sciences and Technology. All Rights Reserved.